000 00292nam a22001337a 4500
008 171020b xxu||||| |||| 00| 0 eng d
020 _a9781557866943
041 _aeng
080 _a338
100 _a54
101 _aMEN
245 _aMARKETING MANAGEMENT
_cCZINKOTA,M.R
942 _2udc
_cBK
999 _c35240
_d35240